In welke landen zijn wij samen of tegelijkertijd geweest? - Statistieken

Algemene statistieken
  • Deze quiz is 25 keer genomen
  • De gemiddelde score is 14 van 24
Antwoordstatistieken
Hint Antwoord % Correct
11 Nederland
88%
10 België
83%
13 Frankrijk
83%
16 Duitsland
79%
18 Zweden
71%
4 Engeland
67%
7 Italië
67%
15 Spanje
67%
17 Denemarken
63%
12 Luxemburg
63%
23 Polen
63%
2 Wales
63%
9 Kroatië
58%
3 Schotland
58%
1 Slovenië
58%
20 Oostenrijk
54%
22 Hongarije
50%
24 Slowakije
50%
19 Zwitserland
50%
21 Liechtenstein
46%
8 Vaticaanstad
46%
14 Andorra
42%
5 Japan
25%
6 Marokko
25%
Geen overeenkomende quizzen gevonden
Scoreverdeling
Procent van Mensen met Elke Score
Percentiel versus Aantal Correcte Antwoorden
Uw Scoregeschiedenis
U heeft deze quiz nog niet genomen